Obchodná prevádzka maloobchodnej jednotky vybrané časti
Salvato in:
| Autore principale: | |
|---|---|
| Ente Autore: | |
| Altri autori: | , , , , , |
| Natura: | Libro |
| Lingua: | slovacco |
| Pubblicazione: |
Bratislava
Vydavateľstvo EKONÓM
2008
|
| Soggetti: | |
| Tags: |
Nessun Tag, puoi essere il primo ad aggiungerne!!
|
MARC
| LEADER | 00000nam$a2200000$$$4500 | ||
|---|---|---|---|
| 001 | 0090315 | ||
| 005 | 20240502072016.9 | ||
| 020 | |a 978-80-225-2600-5 | ||
| 041 | 0 | |a slo | |
| 044 | |a SK | ||
| 245 | 1 | 0 | |a Obchodná prevádzka maloobchodnej jednotky |b vybrané časti |c Kristína Viestová a kolektív |
| 264 | 1 | |a Bratislava |b Vydavateľstvo EKONÓM |c 2008 | |
| 300 | |a 214 s. | ||
| 610 | 2 | 0 | |a maloobchod |
| 610 | 2 | 0 | |a technika obchodná |
| 610 | 2 | 0 | |a merchandising |
| 610 | 2 | 0 | |a predajne |
| 610 | 2 | 0 | |a operácie obchodné |
| 100 | 1 | |a Viestová, Kristína | |
| 700 | 1 | |a Hesková, Marie | |
| 700 | 1 | |a Lieskovská, Vanda, 1961- | |
| 700 | 1 | |a Ožvoldová, Katarína, 1984- | |
| 700 | 1 | |a Pčolinská, Lenka | |
| 700 | 1 | |a Štofilová, Jana | |
| 700 | 1 | |a Suško, Vladimír | |
| 710 | 2 | |a Ekonomická univerzita v Bratislave. Podnikovohospodárska fakulta so sídlom v Košiciach | |